000 00370nam a2200133 i 4500
001 bg
245 0 _aPrawo o ustroju sądów owszechnych oraz ważniejsze przepisy związkowe :
_bwg. stanu prawnego na dzień 1.V.1973r.
250 _aWyd.3.
260 _aWarszawa,
_c1973.
040 _cBPK
041 _apol
942 _cKS
008 s pl f |000 0 pol
999 _c26700
_d26700
856 _uhttp://koha.tu.koszalin.pl/cgi-bin/koha/opac-detail.pl?biblionumber=26700
_yKatalog online BPK